000 00458cas a22001815a 4500
001 L138494
008 070613c1986 xxkmr p 0 a0eng u
022 1 _a0268-9863
035 _a(Sirsi) u138494
041 0 _aeng
245 0 0 _aFarm Tax Brief
260 _aLondon
_bInforma Professional
_c1986-
362 0 _a19(1) February 2004-
554 _a10 per year
651 4 _aENGLAND AND WALES
690 _aPROPERTY-RURAL AND NATURAL ASSETS
942 _n0
999 _c118989
_d118989